Biology of the invertebrates

Saved in:
Bibliographic Details
Main Author: Pechenik, Jan A.
Format: Book
Language:Undetermined
Published: New York McGraw-Hill 2000
Subjects:
Tags: Add Tag
No Tags, Be the first to tag this record!
Institutions: Trung tâm Học liệu Trường Đại học Cần Thơ
LEADER 00470nam a2200181Ia 4500
001 CTU_48855
008 210402s9999 xx 000 0 und d
082 |a 592 
082 |b P346 
100 |a Pechenik, Jan A. 
245 0 |a Biology of the invertebrates 
245 0 |c Jan A. Pechenik 
260 |a New York 
260 |b McGraw-Hill 
260 |c 2000 
650 |a Inverbrates 
904 |i Trọng Hiếu 
980 |a Trung tâm Học liệu Trường Đại học Cần Thơ